Hope for the World (Record no. 11051)
[ view plain ]
| 000 -LEADER | |
|---|---|
| fixed length control field | 00609nam a2200241 a 4500 |
| 001 - CONTROL NUMBER | |
| control field | 0001-1051 |
| 003 - CONTROL NUMBER IDENTIFIER | |
| control field | ELIB.Books |
| 008 - FIXED-LENGTH DATA ELEMENTS--GENERAL INFORMATION | |
| fixed length control field | 141126 2010 eng |
| 020 ## - INTERNATIONAL STANDARD BOOK NUMBER | |
| International Standard Book Number | 10844741214 |
| 035 ## - SYSTEM CONTROL NUMBER | |
| System control number | (ELIB.Books)0001-1206 |
| 092 ## - LOCALLY ASSIGNED DEWEY CALL NUMBER (OCLC) | |
| Classification number | 230 |
| Item number | Chi |
| 100 ## - MAIN ENTRY--PERSONAL NAME | |
| Personal name | Chia, Roland. |
| 245 ## - TITLE STATEMENT | |
| Title | Hope for the World |
| Remainder of title | The Christian Vision |
| 260 ## - PUBLICATION, DISTRIBUTION, ETC. (IMPRINT) | |
| Place of publication, distribution, etc. | Leicester |
| Name of publisher, distributor, etc. | Inter-Varsity Press |
| Date of publication, distribution, etc. | 2006 |
| 300 ## - PHYSICAL DESCRIPTION | |
| Extent | 167 |
| Dimensions | 19.7 Cm |
| 500 ## - GENERAL NOTE | |
| General note | Library |
| 650 ## - SUBJECT ADDED ENTRY--TOPICAL TERM | |
| Topical term or geographic name as entry element | Theology |
| 856 ## - ELECTRONIC LOCATION AND ACCESS | |
| Name of location of host | KBTS; Library |
| Uniform Resource Identifier | <a href="KBTS; Elib.">KBTS; Elib.</a> |
| 942 ## - ADDED ENTRY ELEMENTS (KOHA) | |
| Source of classification or shelving scheme | Dewey Decimal Classification |
| Koha item type | Books |
| 990 ## - EQUIVALENCES OR CROSS-REFERENCES [LOCAL, CANADA] | |
| Link information for 9XX fields | 2 |
| 998 ## - LOCAL CONTROL INFORMATION (RLIN) | |
| Cataloger's initials, CIN (RLIN) | bat |
| -- | 2014-11-26 |
| Withdrawn status | Lost status | Source of classification or shelving scheme | Damaged status | Not for loan | Home library | Current library | Date acquired | Total Checkouts | Barcode | Date last seen | Bill Date | Koha item type |
|---|---|---|---|---|---|---|---|---|---|---|---|---|
| Dewey Decimal Classification | Karen Baptist Theological Seminary Library | Karen Baptist Theological Seminary Library | 26/11/2014 | 12728, 13248 | 22/01/2022 | 22/01/2022 | Books |